| 000 | 00330nam a22001337a 4500 | ||
|---|---|---|---|
| 008 | 170608b xxu||||| |||| 00| 0 eng d | ||
| 020 | _a9781890919290 | ||
| 041 | _aeng | ||
| 080 |
_22ND _a94(100) |
||
| 100 | _a18 | ||
| 101 | _aSHH | ||
| 245 |
_aTHE WESTERN DREAM OF CIVILIZATION: THE MODERN WORLD _cCANTRELL,D |
||
| 942 |
_2udc _cBK |
||
| 999 |
_c16503 _d16503 |
||